Obálka Náhled e-knihy:
Epub
Pro půjčování e-knih musíte být přihlášeni.
Jak si půjčit online?

Elegantní příležitosti. 1, Vévoda pro Dianu /

Úvodní příběh autorčiny nové romantické série odehrávající se na počátku 19. století v Anglii.

Uloženo v:
Série:Elegantní příležitosti, část 1
Hlavní autor: Jeffries, Sabrina, 1958- (Autor)
Další autoři: Šimonová, Dana (Autor)
Médium: E-kniha
Jazyk:Czech
Vydáno: Praha : Baronet, 2022
Vydání:Vydání první
Témata:
Příbuzné jednotky:Z cyklu:: Elegantní příležitosti
Tagy:
Žádné tagy
LEADER 02398nam a2200457 i 4500
001 311751
003 CZ PrSKC
005 20260601215711.0
007 ta
008 221115s2022 xr g 000 f cze
015 |a cnb003472367 
020 |a 9788026919346  |q (vázáno) 
035 |a (OCoLC)1357138941 
040 |a ABG001  |b cze  |e rda 
041 1 |a cze  |h eng 
072 7 |a 821.111(73)-3  |x Americká próza  |2 Konspekt 
080 |a 821.111(73)-31  |2 MRF 
080 |a (0:82-312.5)  |2 MRF 
100 1 |a Jeffries, Sabrina,  |d 1958-  |7 xx0047375  |4 aut 
240 1 0 |a Duke for Diana.  |l Česky 
245 1 0 |a Elegantní příležitosti.  |n 1,  |p Vévoda pro Dianu /  |c Sabrina Jeffries ; přeložila: Dana Šimonová 
246 3 0 |a Vévoda pro Dianu 
250 |a Vydání první 
264 1 |a Praha :  |b Baronet,  |c 2022 
300 |a 328 stran ;  |c 21 cm 
336 |a text  |b txt  |2 rdacontent 
337 |a bez média  |b n  |2 rdamedia 
338 |a svazek  |b nc  |2 rdacarrier 
500 |a Přeloženo z angličtiny 
520 2 |a Úvodní příběh autorčiny nové romantické série odehrávající se na počátku 19. století v Anglii.  |b Lady Diana Harperová dostane za úkol zařídit vstup do společnosti pro sestru stavebního inženýra Geoffreye Brookhouse, který shodou náhod zdědil titul vévody. Diana chystá do společnosti nejen mladou dámu, ale snaží se přesvědčit i vévodu, že jeho společenské přehmaty by mohly být pro sestru velmi nepříjemné. Nový vévoda však nemá ani tak zájem o své společenské zdokonalení, jako o samotnou mladou učitelku. Nakladatelská anotace. Kráceno. 
655 7 |a americké romány  |7 fd131796  |2 czenas 
655 7 |a milostné romány  |7 fd132840  |2 czenas 
655 9 |a American fiction  |2 eczenas 
655 9 |a love novels  |2 eczenas 
700 1 |a Šimonová, Dana  |7 jx20040127002  |4 trl 
787 0 8 |i Z cyklu:  |t Elegantní příležitosti  |g 1  |w (CZ-CtDS)28e26583-450f-5401-858e-3882e3bccda4 
900 |a ABA001  |b 20 
044 |a xr 
910 |a RBIT002 
998 |d 363774  |a https://core.palmknihy.cz/api/books/363774/cover?sgwecw  |b https://core.palmknihy.cz/api/books/363774/cover/400?sgwecw  |c https://core.palmknihy.cz/api/books/363774/cover/50?sgwecw  |e 2026-11-11  |g 328  |i 9788026919346  |j https://core.palmknihy.cz/api/books/363774/preview.epub  |l   |q 49  |r 1  |s https://www.palmknihy.cz/kniha/363774  |t ebook  |y 2022  |z 0  |v Elegantní příležitosti  |w 1 
999 |d 311749